000 00259nam a22001217a 4500
008 170418b xxu||||| |||| 00| 0 eng d
041 _aeng
080 _211TH
_a573
100 _a11
101 _aSHM
245 _aBIOLOGY 151
_cWESTERMAN, D
942 _2udc
_cBK
999 _c11016
_d11016